[Event "Deizisau Autumn op 16th"]
[Site "Deizisau"]
[Date "2022.10.31"]
[Round "6"]
[White "Khadempour, Farhad"]
[Black "Leitherer, Johannes"]
[Result "1-0"]
[WhiteElo "2181"]
[BlackElo "1835"]
[PlyCount "63"]
[EventDate "2022.10.29"]
[EventType "swiss"]
[EventRounds "7"]
[EventCountry "GER"]
[SourceTitle "EXT 2024"]
[Source "ChessBase"]
[SourceDate "2023.10.10"]
[SourceVersion "1"]
[SourceVersionDate "2023.10.10"]
[SourceQuality "1"]

1. c4 c6 2. Nf3 d5 3. e3 Nf6 4. Nc3 e6 5. d4 Nbd7 6. Qc2 Bd6 7. b3 0-0 8. Be2 b6 9. Bb2 Bb7 10. 0-0 Rc8 11. e4 Nxe4 12. Nxe4 dxe4 13. Qxe4 Nf6 14. Qh4 Qe7 15. Rad1 Rfd8 16. Bd3 h6 17. Rfe1 Nh7 18. Qh5 Qf8 19. Ne5 Nf6 20. Qh3 c5 21. dxc5 Bxc5 22. Qg3 Be4 23. h3 Bxd3 24. Rxd3 Rxd3 25. Nxd3 Be7 26. Re3 Qd8 27. Rf3 Ne8 28. Ne5 Nf6 29. Rd3 Qf8 30. Nd7 Nxd7 31. Rxd7 a5 32. Rxe7 1-0

[Event "BL2-Sued 2223"]
[Site "Germany"]
[Date "2022.10.23"]
[Round "2.8"]
[White "Kuehn, Kolja"]
[Black "Leitherer, Johannes"]
[Result "1-0"]
[WhiteElo "2124"]
[BlackElo "1835"]
[PlyCount "183"]
[EventDate "2022.10.22"]
[EventType "team-tourn"]
[EventRounds "9"]
[EventCountry "GER"]
[SourceTitle "EXT 2024"]
[Source "ChessBase"]
[SourceDate "2023.10.10"]
[SourceVersion "1"]
[SourceVersionDate "2023.10.10"]
[SourceQuality "1"]
[WhiteTeam "Oetigheim"]
[BlackTeam "Stuttgart"]
[WhiteTeamCountry "GER"]
[BlackTeamCountry "GER"]

1. d4 d5 2. c4 c6 3. Nc3 Nf6 4. Nf3 e6 5. g3 Be7 6. Bg2 0-0 7. 0-0 Nbd7 8. Nd2 b6 9. e4 dxe4 10. Ndxe4 Bb7 11. Bf4 Nxe4 12. Nxe4 Nf6 13. Qd3 Qd7 14. Rad1 Rfd8 15. Qc2 Nh5 16. Be3 Nf6 17. Rd2 Qe8 18. Rfd1 Rd7 19. a3 a5 20. h4 b5 21. Nc5 Bxc5 22. dxc5 Rxd2 23. Bxd2 bxc4 24. Qxc4 Nd5 25. Qa4 Qd8 26. Be4 Qc7 27. Bc2 Bc8 28. Re1 Qb7 29. b3 Qb5 30. Qe4 f5 31. Qd4 Qb7 32. Kg2 Ra7 33. h5 h6 34. Rh1 Qe7 35. f4 Qf6 36. Qa4 Bd7 37. Qc4 Be8 38. Kf2 Bf7 39. a4 Be8 40. Bd1 Qb2 41. Bc2 Qf6 42. Be3 Qc3 43. Qxc3 Nxc3 44. Kf3 Bf7 45. g4 e5 46. Re1 Bd5+ 47. Kg3 Ne4+ 48. Kh4 exf4 49. Bxf4 Rb7 50. gxf5 Nxc5 51. Bd6 Bxb3 52. Re8+ Kh7 53. Bxb3 Nxb3 54. Kg4 c5 55. Kf4 Rd7 56. Be5 Rf7 57. Rc8 Nd4 58. Bxd4 cxd4 59. Rd8 d3 60. Rxd3 Rb7 61. Ke5 Rb1 62. Rd5 Rh1 63. Rxa5 Rxh5 64. Ra7 Kg8 65. Rd7 Rh1 66. Rd2 Ra1 67. Rd4 Kf7 68. Rd7+ Kf8 69. Rd4 Kf7 70. Rb4 Re1+ 71. Kd6 g6 72. fxg6+ Kxg6 73. Kc6 Ra1 74. Kb6 h5 75. a5 Kg5 76. a6 h4 77. a7 h3 78. Rb5+ Kg4 79. Ra5 Rb1+ 80. Ka6 h2 81. a8Q h1Q 82. Ra4+ Kg3 83. Ra3+ Kf4 84. Qf8+ Ke4 85. Qe7+ Kf4 86. Qf6+ Ke4 87. Qg6+ Kf4 88. Qg3+ Ke4 89. Re3+ Kd5 90. Qe5+ Kc4 91. Rc3+ Kb4 92. Qa5# 1-0

[Event "Oberliga Wuerttemberg 2122"]
[Site "Wuerttemberg"]
[Date "2022.03.13"]
[Round "7.8"]
[White "Merk, Tobias"]
[Black "Leitherer, Johannes"]
[Result "1/2-1/2"]
[WhiteElo "2064"]
[BlackElo "1746"]
[PlyCount "63"]
[EventDate "2021.09.19"]
[EventType "team-tourn"]
[EventRounds "9"]
[EventCountry "GER"]
[SourceTitle "EXT 2023"]
[Source "ChessBase"]
[SourceDate "2022.10.05"]
[SourceVersion "1"]
[SourceVersionDate "2022.10.05"]
[SourceQuality "1"]
[WhiteTeam "Biberach"]
[BlackTeam "Stuttgart SF II"]
[WhiteTeamCountry "GER"]
[BlackTeamCountry "GER"]

1. e4 e5 2. Nf3 Nc6 3. Bb5 a6 4. Ba4 Nf6 5. d4 exd4 6. 0-0 Be7 7. Re1 0-0 8. e5 Nd5 9. Bb3 Nb6 10. Nxd4 Nxd4 11. Qxd4 d5 12. exd6 Bxd6 13. Be3 c5 14. Qd1 c4 15. Bxb6 Qxb6 16. Bxc4 Bc5 17. Qf3 Qxb2 18. Nc3 Qxc2 19. Bd3 Bg4 20. Bxc2 Bxf3 21. gxf3 Bd4 22. Nd5 Bxa1 23. Rxa1 Rad8 24. Bb3 Rd6 25. Rc1 Rfd8 26. Ne3 g6 27. Ng4 R8d7 28. Ne5 Re7 29. Nxf7 Rxf7 30. Rc7 Rdf6 31. Rxb7 Rxf3 32. Bxf7+ 1/2-1/2

[Event "Oberliga Wuerttemberg 2122"]
[Site "Wuerttemberg"]
[Date "2021.11.28"]
[Round "3.8"]
[White "Kitzberger, Joachim"]
[Black "Leitherer, Johannes"]
[Result "1-0"]
[WhiteElo "2064"]
[BlackElo "1746"]
[PlyCount "113"]
[EventDate "2021.09.19"]
[EventType "team-tourn"]
[EventRounds "9"]
[EventCountry "GER"]
[SourceTitle "EXT 2023"]
[Source "ChessBase"]
[SourceDate "2022.10.05"]
[SourceVersion "1"]
[SourceVersionDate "2022.10.05"]
[SourceQuality "1"]
[WhiteTeam "Bebenhausen"]
[BlackTeam "Stuttgart SF II"]
[WhiteTeamCountry "GER"]
[BlackTeamCountry "GER"]

1. e4 e5 2. Nf3 Nc6 3. Bb5 a6 4. Ba4 Nf6 5. 0-0 Nxe4 6. d4 b5 7. Bb3 d5 8. Nxe5 Nxe5 9. dxe5 c6 10. Nd2 Bf5 11. Nxe4 Bxe4 12. Be3 Be7 13. a4 0-0 14. axb5 axb5 15. Qd2 Qd7 16. f3 Bg6 17. Rfe1 Qb7 18. Qd4 Rxa1 19. Rxa1 Ra8 20. Rxa8+ Qxa8 21. Qa7 Qxa7 22. Bxa7 f6 23. Bd4 Kf7 24. Kf2 fxe5 25. Bxe5 Bf6 26. Bxf6 Kxf6 27. Ke3 Ke5 28. c3 h6 29. Bd1 Bf5 30. b4 g5 31. g3 Be6 32. Bc2 Bf7 33. f4+ gxf4+ 34. gxf4+ Kd6 35. Kd4 Be8 36. Bh7 Bh5 37. Bf5 Bf3 38. Bg6 Bd1 39. Be8 Bc2 40. h4 Be4 41. h5 Bf5 42. Bg6 Bg4 43. f5 Bf3 44. f6 Bg2 45. Be8 Bf3 46. Bxc6 Bxh5 47. Bxb5 Bf7 48. Bf1 h5 49. Bh3 Be8 50. Bg2 Bf7 51. b5 h4 52. b6 Kc6 53. c4 h3 54. cxd5+ Kd6 55. b7 Kc7 56. Bxh3 Kxb7 57. Be6 1-0